000 00930nam a2200229Ia 4500
001 8894
003 GE_BSU
008 181216s||||||||xx |||||||||||||| ||und||
040 _cGE_BSU
080 _a82-93:910.4(479.22)
100 _aკეცხოველი,ნიკო
245 _aმეცრე მთაც გადავიარეთ
245 _bსაქ. მხარეთმც.საკითხები.უფრ. სასკოლო ასაკის ბავშვ.
245 _cრედ.ნ.ქართველიშვილი.მხატვ.ჯ.ყავლაშვილი
260 _aთბილისი
260 _bნაკადული
260 _c1976
300 _a303გვ.24ფ.ილ.20სმ.
653 _aმეცრე მთაც გადავიარეთ
653 _aსაქ. მხარეთმც.საკითხები
942 _cBK
999 _c42201
_d42201